[Event "45th Rilton Cup 2015-16"]
[Site "Stockholm SWE"]
[Date "2016.01.01"]
[Round "5.23"]
[White "Krantz, Christopher"]
[Black "Martynov, Pavel2"]
[Result "0-1"]
[BlackTitle "FM"]
[WhiteElo "2230"]
[BlackElo "2380"]
[WhiteFideId "1707876"]
[BlackFideId "4122186"]
[EventDate "2015.12.27"]

1. e4 c5 2. Nf3 e6 3. g3 Nc6 4. Bg2 Nf6 5. Qe2 e5 6. O-O Be7 7. c3 O-O 8. Na3
Re8 9. d3 Bf8 10. Nc4 d5 11. exd5 Nxd5 12. Ng5 h6 13. Qf3 hxg5 14. Qxd5 Qf6 15.
Qf3 Qxf3 16. Bxf3 f6 17. Be3 Be6 18. Rfd1 Rad8 19. a4 Rd7 20. a5 Red8 21. a6 e4
22. Bxe4 Bxc4 23. Bf5 Bxa6 24. Be6+ Kh7 25. Bf5+ Kh8 26. Bxd7 Rxd7 27. d4 cxd4
28. Bxd4 Nxd4 29. Rxd4 Rxd4 30. cxd4 Kg8 31. Kg2 Kf7 32. Kf3 Ke6 33. h4 Kd5 34.
Ke3 Bb4 35. h5 f5 36. f3 Bd6 37. Ra5+ Ke6 38. f4 g4 39. d5+ Kf6 40. Kd4 Bc7 41.
Ra1 Bb6+ 42. Kc3 Bf2 43. Rh1 Bxg3 44. h6 gxh6 45. Rxh6+ Kg7 46. Rh5 Kg6 47. Rg5+
Kf6 48. d6 Bb5 0-1

[Event "45th Rilton Cup 2015-16"]
[Site "Stockholm SWE"]
[Date "2016.01.01"]
[Round "5.24"]
[White "Hakimifard, Ghazal"]
[Black "Bellon Lopez, Juan Manuel"]
[Result "1/2-1/2"]
[WhiteTitle "WIM"]
[BlackTitle "GM"]
[WhiteElo "2169"]
[BlackElo "2376"]
[WhiteFideId "12506540"]
[BlackFideId "2200031"]
[EventDate "2015.12.27"]

1. e4 c5 2. Nf3 e6 3. d4 cxd4 4. Nxd4 Nc6 5. Nc3 Qc7 6. Be2 a6 7. O-O Nf6 8. Be3
Be7 9. f4 d6 10. Kh1 Bd7 11. Qe1 O-O 12. Qg3 d5 13. exd5 Nxd5 14. Nxd5 exd5 15.
c3 Bf6 16. Nb3 Bf5 17. Rad1 Be4 18. Qf2 Rfe8 19. Bg4 Ne7 20. Bb6 Qd6 21. Qc5 Qc6
22. Rd2 a5 23. Qxc6 bxc6 24. Bd7 Reb8 25. Bc5 a4 26. Nd4 Bxd4 27. cxd4 Bf5 28.
Bxf5 Nxf5 29. Re1 h5 30. g3 f6 31. Re6 Re8 32. Rxc6 Re1+ 33. Kg2 Rae8 34. Ra6
Ne3+ 35. Kh3 Nf1 36. Rg2 R1e2 37. f5 Rxg2 38. Kxg2 Ne3+ 39. Kf3 Nd1 40. Rxa4
Re3+ 41. Kg2 Re2+ 42. Kf1 Rxb2 43. Ra8+ Kh7 44. a4 Ne3+ 45. Ke1 h4 46. gxh4 Rc2
47. a5 Ng2+ 48. Kf1 Ne3+ 49. Kg1 Rg2+ 50. Kh1 Rd2 51. h3 Nxf5 52. a6 Nxh4 53. a7
Ra2 54. Kg1 Nf3+ 55. Kf1 Nd2+ 56. Ke1 Ne4 57. Bb6 Ra1+ 58. Ke2 Nc3+ 59. Kd2 Nb5
60. Ke2 Kg6 1/2-1/2

[Event "45th Rilton Cup 2015-16"]
[Site "Stockholm SWE"]
[Date "2016.01.01"]
[Round "5.25"]
[White "Thorn, Eric"]
[Black "Engqvist, Thomas"]
[Result "1-0"]
[BlackTitle "IM"]
[WhiteElo "2140"]
[BlackElo "2358"]
[WhiteFideId "1710729"]
[BlackFideId "1700332"]
[EventDate "2015.12.27"]

1. d4 Nf6 2. c4 c5 3. d5 b5 4. Qc2 bxc4 5. e4 d6 6. Bxc4 g6 7. Nf3 Bg7 8. O-O
O-O 9. Re1 Nbd7 10. h3 Bb7 11. Nc3 Nb6 12. Bf1 Qc8 13. a4 Ba6 14. Nb5 Ne8 15.
Bg5 Qb7 16. Rad1 Rb8 17. b3 Nc8 18. Bd2 Nb6 19. Bc3 Bxc3 20. Qxc3 f6 21. Qa5
Bxb5 22. axb5 Nc8 23. b4 Nc7 24. Rc1 Qb6 25. Qxb6 axb6 26. Nd4 Rb7 27. Nc6 Re8
28. Ra1 Kf8 29. Bc4 cxb4 30. Reb1 f5 31. f3 Kg7 32. Kf2 Kf6 33. Rxb4 e6 34. dxe6
fxe4 35. fxe4 Nxe6 36. Bxe6 Kxe6 37. Ra8 Rf7+ 38. Kg1 Kd7 39. Rba4 Rf4 40. Rb8
Kc7 41. Raa8 Rfxe4 42. Rxc8+ 1-0

[Event "45th Rilton Cup 2015-16"]
[Site "Stockholm SWE"]
[Date "2016.01.01"]
[Round "5.26"]
[White "Vuilleumier, Alexandre"]
[Black "Schitco, Ivan"]
[Result "1-0"]
[WhiteTitle "IM"]
[WhiteElo "2342"]
[BlackElo "2210"]
[WhiteFideId "1305662"]
[BlackFideId "13905465"]
[EventDate "2015.12.27"]

1. c4 e6 2. Nf3 d5 3. g3 Nf6 4. Bg2 c6 5. b3 Nbd7 6. O-O Bd6 7. Ba3 Bxa3 8. Nxa3
O-O 9. Qc2 Qe7 10. Qb2 b6 11. Rfc1 Ba6 12. b4 c5 13. b5 Bb7 14. cxd5 exd5 15. d4
Rfe8 16. e3 Ne4 17. Nb1 cxd4 18. Qxd4 Ndc5 19. Nc3 Qd7 20. Nxe4 dxe4 21. Qxd7
Nxd7 22. Nd4 Nc5 23. Nb3 Ne6 24. Bh3 Bd5 25. Bxe6 Bxe6 26. Nd4 Kf8 27. a4 Rec8
28. Nxe6+ fxe6 29. Rd1 Rd8 30. Rac1 Rxd1+ 31. Rxd1 Ke7 32. Rd4 a6 33. bxa6 Rxa6
34. Rxe4 g6 35. Kg2 Kf6 36. Kf3 e5 37. Rb4 Kf5 38. g4+ Kg5 39. Kg3 Kf6 40. h4 h5
41. Kf3 Ke6 42. gxh5 gxh5 43. Ke4 1-0

[Event "45th Rilton Cup 2015-16"]
[Site "Stockholm SWE"]
[Date "2016.01.01"]
[Round "5.27"]
[White "Norlin, Egor"]
[Black "Grandell, Anders"]
[Result "0-1"]
[BlackTitle "FM"]
[WhiteElo "2084"]
[BlackElo "2330"]
[WhiteFideId "1713973"]
[BlackFideId "1709771"]
[EventDate "2015.12.27"]

1. d4 Nf6 2. c4 c5 3. d5 b5 4. a4 b4 5. Nd2 g6 6. b3 Bg7 7. Bb2 d6 8. e4 O-O 9.
Qc2 e6 10. Bd3 exd5 11. cxd5 Re8 12. Ne2 Nbd7 13. f3 Ne5 14. Bb5 Bd7 15. Bxd7
Qxd7 16. O-O Nh5 17. Ng3 Nf4 18. Nc4 Nxc4 19. bxc4 Bxb2 20. Qxb2 Qe7 21. Rad1
Rab8 22. Rfe1 f6 23. Ne2 Nxe2+ 24. Rxe2 Qe5 25. Qxe5 fxe5 26. Rb2 Rf8 27. a5 a6
28. Rb3 Rf7 29. Kf2 Rbf8 30. Ke2 g5 31. g4 Rf4 32. Rg1 Kg7 33. Rg3 Rh8 34. Rh3
h5 35. gxh5 Rh4 36. Rxh4 gxh4 37. Rb1 Rxh5 38. Rg1+ Kf7 39. f4 exf4 40. Kf3 Rh6
41. Rg4 Rg6 42. Rxh4 b3 43. Rh7+ Rg7 44. Rh8 Rg1 45. Rb8 Rb1 46. Kg4 b2 47. Kf5
f3 48. Rb7+ Kg8 49. Rb8+ Kg7 50. Rb7+ Kh6 0-1

[Event "45th Rilton Cup 2015-16"]
[Site "Stockholm SWE"]
[Date "2016.01.01"]
[Round "5.28"]
[White "Koykka, Pekka"]
[Black "Kosmo, Santul"]
[Result "1-0"]
[WhiteTitle "FM"]
[WhiteElo "2326"]
[BlackElo "2202"]
[WhiteFideId "504319"]
[BlackFideId "504173"]
[EventDate "2015.12.27"]

1. d4 Nf6 2. c4 c5 3. d5 e6 4. Nc3 exd5 5. cxd5 d6 6. Nf3 g6 7. h3 Bg7 8. e4 O-O
9. Bd3 b5 10. Nxb5 Re8 11. O-O Nxe4 12. Re1 a6 13. Nc3 Nxc3 14. bxc3 Bxc3 15.
Rxe8+ Qxe8 16. Rb1 Nd7 17. Qa4 Nf6 18. Qc4 Ba5 19. Bg5 Bd8 20. Qh4 Kg7 21. Re1
Qd7 22. Bf5 Qb5 23. a4 Qb4 24. Qh6+ Kg8 25. Bxf6 Qxe1+ 26. Nxe1 Bxf6 27. Bxc8
Rxc8 28. Qf4 Be5 29. Qc4 Rb8 30. f4 Rb4 31. Qxa6 Bxf4 32. Nd3 Rb1+ 33. Kf2 Bh2
34. g3 h5 35. h4 Rg1 36. Qxd6 c4 37. Ne1 c3 38. a5 g5 39. Qd8+ Kh7 40. Qxg5 1-0

[Event "45th Rilton Cup 2015-16"]
[Site "Stockholm SWE"]
[Date "2016.01.01"]
[Round "5.29"]
[White "Storme, Isak"]
[Black "Radionov, Timur"]
[Result "0-1"]
[BlackTitle "FM"]
[WhiteElo "1864"]
[BlackElo "2321"]
[WhiteFideId "1728113"]
[BlackFideId "34178772"]
[EventDate "2015.12.27"]

1. b3 e5 2. Bb2 Nc6 3. e3 Bd6 4. Na3 Nf6 5. Nc4 O-O 6. Nxd6 cxd6 7. g3 Re8 8.
Bg2 d5 9. Ne2 d6 10. O-O Be6 11. d3 Qd7 12. c4 Bh3 13. Nc3 d4 14. Nd5 Nxd5 15.
cxd5 Bxg2 16. Kxg2 Nb4 17. exd4 Nxd5 18. Qf3 Qb5 19. Rfe1 Nb4 20. Red1 exd4 21.
Qg4 Qd5+ 22. Qf3 Qb5 23. Qg4 Qd5+ 24. Qf3 Qxf3+ 25. Kxf3 Nc6 26. Rac1 Re6 27.
Rd2 Rae8 28. Kg2 Re1 29. Rxe1 Rxe1 30. Kf3 Kf8 31. Ba3 Ke7 32. Bb2 Ke6 33. b4
Kd5 34. b5 Ne5+ 35. Kg2 Rb1 36. h4 Nxd3 37. Rxd3 Rxb2 38. Ra3 Rxb5 39. Rxa7 d3
40. Kf3 Kd4 41. Ra3 Rf5+ 42. Kg2 d2 43. Ra6 bxa6 0-1

[Event "45th Rilton Cup 2015-16"]
[Site "Stockholm SWE"]
[Date "2016.01.01"]
[Round "5.30"]
[White "Goluch, Piotr"]
[Black "Petersson, Baldur Teodor"]
[Result "1-0"]
[WhiteElo "2297"]
[BlackElo "1870"]
[WhiteFideId "1137840"]
[BlackFideId "2309157"]
[EventDate "2015.12.27"]

1. e4 c5 2. Nf3 e6 3. d4 cxd4 4. Nxd4 a6 5. Bd3 Nf6 6. O-O Qc7 7. Qe2 d6 8. a4
b6 9. Kh1 Nbd7 10. f4 Bb7 11. Nc3 Be7 12. Bd2 h5 13. Rae1 Ng4 14. f5 e5 15. Nd5
Bxd5 16. exd5 Ndf6 17. Nb3 Qb7 18. c4 Nd7 19. a5 Nc5 20. Nxc5 bxc5 21. b4 cxb4
22. Rb1 Qa7 23. Rxb4 Bh4 24. g3 Bd8 25. Rb3 Qd4 26. h3 Kd7 27. hxg4 h4 28. Be3
hxg3+ 29. Kg1 Rh2 30. Bxd4 Rxe2 31. Bxe2 exd4 32. Rb7+ Bc7 33. f6 g5 34. Bd3 Re8
35. Bf5+ Kd8 36. Rfb1 Re2 37. Ra7 Bxa5 38. Rb8# 1-0

[Event "45th Rilton Cup 2015-16"]
[Site "Stockholm SWE"]
[Date "2016.01.01"]
[Round "5.31"]
[White "Sadeh, Shahin"]
[Black "Jogstad, Martin"]
[Result "1-0"]
[WhiteTitle "FM"]
[WhiteElo "2284"]
[BlackElo "2125"]
[WhiteFideId "12503924"]
[BlackFideId "1715364"]
[EventDate "2015.12.27"]

1. c4 c6 2. g3 d5 3. Bg2 Nf6 4. Nf3 Bf5 5. O-O e6 6. cxd5 cxd5 7. Nc3 Nc6 8. Qb3
Qb6 9. Qxb6 axb6 10. d3 Bc5 11. Bg5 h6 12. Bxf6 gxf6 13. Nd2 Bg4 14. h3 Bh5 15.
Rfc1 Kd7 16. Nb3 Rhc8 17. g4 Bg6 18. Nxc5+ bxc5 19. f4 f5 20. Kf2 Ra5 21. b3 b5
22. gxf5 Bxf5 23. e4 dxe4 24. dxe4 Bh7 25. a4 Nd4 26. axb5 Nxb3 27. Rxa5 Nxa5
28. Na4 Rb8 29. Rxc5 Nb7 30. Rc6 Na5 31. Rb6 Rxb6 32. Nxb6+ Kc7 33. Na4 Nc4 34.
Bf1 Nd2 35. b6+ Kb7 36. Bg2 e5 37. f5 Nc4 38. Kg3 Nd6 39. Kh4 Kc6 40. Kh5 Kb5
41. Kxh6 Kxa4 42. Kxh7 Kb5 43. h4 Kxb6 44. h5 Ne8 45. h6 Kc6 46. Kg8 Kd7 47.
Kxf7 Nd6+ 48. Kf8 Ne8 49. h7 1-0

[Event "45th Rilton Cup 2015-16"]
[Site "Stockholm SWE"]
[Date "2016.01.01"]
[Round "5.32"]
[White "Martinsen, Stig K"]
[Black "Socko, Monika"]
[Result "0-1"]
[BlackTitle "GM"]
[WhiteElo "2162"]
[BlackElo "2437"]
[WhiteFideId "1502824"]
[BlackFideId "1106619"]
[EventDate "2015.12.27"]

1. d4 Nf6 2. Nf3 e6 3. e3 c5 4. Bd3 d5 5. b3 Nc6 6. Bb2 Bd6 7. O-O Qc7 8. c4
cxd4 9. exd4 O-O 10. Nc3 a6 11. Re1 Nb4 12. Bf1 dxc4 13. bxc4 Rd8 14. a3 Nc6 15.
Ne4 Nxe4 16. Rxe4 Ne7 17. Bd3 Ng6 18. Rc1 Bf4 19. Rc2 Bd7 20. g3 Bh6 21. Rc3 Bc6
22. d5 exd5 23. cxd5 Rxd5 24. Nd4 Rad8 25. Nxc6 bxc6 26. Qb3 Qd7 27. Bxa6 Rd2
28. Rf3 Qd5 29. Qxd5 cxd5 30. Re2 d4 31. Kg2 Rxe2 32. Bxe2 Ne5 33. Rf5 f6 34. f4
d3 35. fxe5 dxe2 36. Kf2 Rd1 37. Kxe2 Rd2+ 38. Kf3 Rxb2 39. exf6 g6 40. Ra5 Rxh2
41. Ra8+ Bf8 42. a4 Rd2 43. g4 h6 44. a5 Rd6 45. g5 hxg5 46. Kg4 Kf7 47. Kxg5
Rd5+ 48. Kg4 Bb4 49. a6 Ra5 50. Rb8 Bc5 0-1

[Event "45th Rilton Cup 2015-16"]
[Site "Stockholm SWE"]
[Date "2016.01.01"]
[Round "5.33"]
[White "Kharmunova, Nadezhda"]
[Black "Kolbus, Dietmar"]
[Result "1/2-1/2"]
[WhiteTitle "WIM"]
[BlackTitle "IM"]
[WhiteElo "2132"]
[BlackElo "2315"]
[WhiteFideId "4195876"]
[BlackFideId "4610628"]
[EventDate "2015.12.27"]

1. e4 c5 2. Nf3 d6 3. d4 cxd4 4. Nxd4 Nf6 5. Nc3 a6 6. h3 e5 7. Nf3 Qc7 8. Be2
Nbd7 9. O-O Be7 10. Nh4 g6 11. Bh6 b6 12. Nf3 Bb7 13. Nd5 Nxd5 14. exd5 Bf8 15.
Bxf8 Kxf8 16. c4 a5 17. Nd2 Kg7 18. Ne4 Nc5 19. Nc3 Rhe8 20. Rc1 Qe7 21. b3 f5
22. a3 Nd7 23. Re1 Ba6 24. Bf1 Qf6 25. b4 axb4 26. axb4 Rec8 27. Qb3 e4 28. Na4
Qd8 29. Ra1 Rcb8 30. b5 Bc8 31. f3 exf3 32. Qxf3 Ne5 33. Qf2 Ra5 34. Nc3 Rba8
35. Rac1 Kg8 36. Kh1 Bd7 37. Qd4 Qc7 38. Ne2 Ra4 39. Nf4 Qc5 40. Qxc5 bxc5 41.
Nd3 Rxc4 42. Nxe5 Rxc1 43. Rxc1 dxe5 44. Rxc5 Ra1 45. Kg1 Rb1 46. Kf2 Kf7 47.
Bc4 Ke7 48. d6+ Kxd6 49. Rd5+ Kc7 50. Rxe5 Rb4 51. Be2 Kd6 52. Re3 Bxb5 53. Bxb5
Rxb5 54. Kf3 Re5 55. Ra3 Ke6 56. Ra7 h6 57. Rh7 h5 58. g4 hxg4+ 59. hxg4 Ra5 60.
gxf5+ Kxf5 61. Rb7 Ra3+ 62. Kg2 g5 63. Rb5+ Kg4 64. Rb4+ Kh5 65. Rb2 Kh4 66. Kh2
Ra4 67. Kg2 Kg4 68. Rc2 Re4 69. Ra2 Kf4 70. Rb2 Re3 71. Rb4+ Kf5 72. Ra4 Kg6 73.
Rb4 Kh5 74. Ra4 Rb3 75. Rc4 Rb5 76. Ra4 Rf5 77. Rb4 Rf4 78. Rxf4 gxf4 79. Kf3
Kg5 80. Kf2 Kf6 81. Kf3 Kf5 82. Kf2 Ke4 1/2-1/2

[Event "45th Rilton Cup 2015-16"]
[Site "Stockholm SWE"]
[Date "2016.01.01"]
[Round "5.34"]
[White "Pantzar, Milton"]
[Black "Rodshtein, Tereza"]
[Result "0-1"]
[BlackTitle "WGM"]
[WhiteElo "2103"]
[BlackElo "2278"]
[WhiteFideId "1721003"]
[BlackFideId "325449"]
[EventDate "2015.12.27"]

1. d4 d5 2. c4 c6 3. Nc3 Nf6 4. e3 e6 5. Nf3 Nbd7 6. b3 Ne4 7. Nxe4 dxe4 8. Nd2
f5 9. Bb2 Be7 10. Be2 O-O 11. O-O c5 12. f3 Bg5 13. fxe4 Bxe3+ 14. Kh1 cxd4 15.
exf5 Ne5 16. Nf3 Nxf3 17. Bxf3 Rxf5 18. Qd3 Qh4 19. g3 Qf6 20. Be4 Bd7 21. Bxf5
Bc6+ 22. Be4 Qg6 23. Bxc6 Qxd3 24. Bxb7 Rd8 25. Ba3 Qc2 26. Be7 Re8 27. Bc5 g6
28. Rf3 Rb8 29. Bc6 Rc8 30. Raf1 Bh6 31. R3f2 Qd3 32. Bd7 Rxc5 33. Bxe6+ Kh8 34.
Bd5 Rxd5 35. cxd5 Qe4+ 36. Rf3 d3 37. Kg1 Be3+ 38. Kg2 d2 39. Kh3 Bc5 40. d6
Qxf3 0-1

[Event "45th Rilton Cup 2015-16"]
[Site "Stockholm SWE"]
[Date "2016.01.01"]
[Round "5.35"]
[White "Eriksson, Jorgen"]
[Black "Bit-Narva, David"]
[Result "1-0"]
[WhiteElo "2206"]
[BlackElo "2096"]
[WhiteFideId "1701967"]
[BlackFideId "24128856"]
[EventDate "2015.12.27"]

1. d4 g6 2. Nf3 Bg7 3. c4 Nf6 4. Nc3 O-O 5. g3 d6 6. Bg2 c5 7. O-O Na6 8. b3 Bg4
9. h3 Bd7 10. Bb2 Qc8 11. Kh2 cxd4 12. Nxd4 Nc5 13. Rc1 Ne6 14. Nd5 Nxd5 15.
cxd5 Nc7 16. Qd2 Qd8 17. Rc2 Na6 18. b4 Qb6 19. a3 Rfc8 20. Rfc1 Rxc2 21. Rxc2
Rc8 22. Rxc8+ Bxc8 23. e3 Bd7 24. Qc2 Nc7 25. Qd2 Nb5 26. Nxb5 Bxb5 27. Bxg7
Kxg7 28. Qc3+ Kg8 29. Qc8+ Kg7 30. Qc3+ Kg8 31. Qc8+ Kg7 32. h4 h5 33. Qc3+ Kg8
34. Qc8+ Kg7 35. Qc3+ Kg8 36. Kg1 Bd7 37. e4 Qd8 38. e5 Bf5 39. Qe3 b6 40. Qc3
dxe5 41. Qxe5 Qd6 42. Qc3 e6 43. Qc6 Qxc6 44. dxc6 e5 45. c7 Bc8 46. Bd5 Kf8 47.
Kf1 Ke7 48. Ke2 f6 49. Ke3 f5 50. f4 e4 51. Kd4 Kf6 52. Bc6 Kf7 53. Ke5 Ke7 54.
Kd4 Ba6 55. a4 Bc8 56. a5 Kf7 57. Bb5 Ke7 58. Bc6 Kf7 59. Bd5+ Ke7 60. Ke5 bxa5
61. bxa5 Ba6 62. Be6 e3 63. Bc4 Bc8 64. Kd4 Kd6 65. Kxe3 Kxc7 66. Bf7 Kd6 67.
Bxg6 Ke6 68. Bxh5 Kf6 69. Kd4 1-0

[Event "45th Rilton Cup 2015-16"]
[Site "Stockholm SWE"]
[Date "2016.01.01"]
[Round "5.36"]
[White "Wiander, Michael"]
[Black "Tuomainen, Felix"]
[Result "1-0"]
[WhiteTitle "CM"]
[WhiteElo "2187"]
[BlackElo "2022"]
[WhiteFideId "1702580"]
[BlackFideId "1720813"]
[EventDate "2015.12.27"]

1. b3 e5 2. Bb2 Nc6 3. e3 d5 4. Bb5 Bd6 5. f4 Qe7 6. Nf3 Bg4 7. Bxc6+ bxc6 8.
fxe5 Bxe5 9. Bxe5 Bxf3 10. Qxf3 Qxe5 11. Nc3 Ne7 12. O-O O-O 13. d4 Qd6 14. Na4
Nc8 15. Nc5 Qe7 16. e4 dxe4 17. Nxe4 Nb6 18. Rae1 Qd7 19. c3 Rad8 20. Qg3 Kh8
21. Qh4 h6 22. Rf6 Nd5 23. Nc5 Qc8 24. Rxh6+ gxh6 25. Qxh6+ Kg8 26. Qg5+ Kh8 27.
Re4 1-0

[Event "45th Rilton Cup 2015-16"]
[Site "Stockholm SWE"]
[Date "2016.01.01"]
[Round "5.38"]
[White "Henriksson, Johan"]
[Black "Jonsson, Emil"]
[Result "1-0"]
[WhiteTitle "FM"]
[WhiteElo "2286"]
[BlackElo "2156"]
[WhiteFideId "1703560"]
[BlackFideId "1712268"]
[EventDate "2015.12.27"]

1. d4 c5 2. dxc5 e6 3. Nc3 Bxc5 4. Ne4 b6 5. Nxc5 bxc5 6. Qd6 Na6 7. c3 Nf6 8.
f3 Qb6 9. Qxb6 axb6 10. e4 d5 11. exd5 exd5 12. Bg5 Nc7 13. Bxf6 gxf6 14. Bd3
O-O 15. Ne2 Ba6 16. Bxa6 Rxa6 17. Kf2 Ne6 18. Rhd1 Rd8 19. a3 b5 20. f4 f5 21.
Kf3 Kg7 22. Rac1 Kf6 23. Rd2 Rad6 24. Rcd1 R6d7 25. Ke3 Rd6 26. b4 c4 27. Kf3
Nc7 28. Nd4 Ra8 29. Nc2 Re6 30. Re2 Re4 31. g3 Rae8 32. Rdd2 Ra8 33. Kf2 Ke6 34.
Rd1 Kf6 35. Ra1 Rae8 36. Rxe4 fxe4 37. Ke3 Ke6 38. Nd4+ Kd6 39. a4 bxa4 40. Rxa4
Ra8 41. Ra5 Rxa5 42. bxa5 Kc5 43. g4 Nb5 44. Nxb5 Kxb5 45. g5 Kxa5 46. f5 Kb6
47. h4 Kc6 48. h5 Kd7 49. g6 fxg6 50. fxg6 1-0

[Event "45th Rilton Cup 2015-16"]
[Site "Stockholm SWE"]
[Date "2016.01.01"]
[Round "5.39"]
[White "Risting, Eivind Olav"]
[Black "Zeier, Klaus"]
[Result "1/2-1/2"]
[WhiteTitle "FM"]
[WhiteElo "1985"]
[BlackElo "2262"]
[WhiteFideId "1517333"]
[BlackFideId "4696050"]
[EventDate "2015.12.27"]

1. d4 Nf6 2. Bg5 e6 3. e4 h6 4. Bxf6 Qxf6 5. c3 d6 6. Bd3 Nd7 7. Ne2 g6 8. O-O
Bg7 9. f4 O-O 10. Nd2 Qe7 11. Nf3 e5 12. Qd2 b6 13. Bb5 Bb7 14. Bxd7 Qxd7 15.
dxe5 Bxe4 16. exd6 Rad8 17. Rad1 Qc6 18. d7 Bf5 19. Ne5 Bxe5 20. fxe5 Rxd7 21.
Nd4 Qd5 22. Rxf5 gxf5 23. Qxh6 f6 24. Qg6+ Kh8 25. Qh6+ Kg8 26. Qg6+ Kh8 27.
Qh6+ 1/2-1/2

[Event "45th Rilton Cup 2015-16"]
[Site "Stockholm SWE"]
[Date "2016.01.01"]
[Round "5.40"]
[White "Percivaldi, Martin"]
[Black "Dahl, Trygve"]
[Result "1/2-1/2"]
[WhiteTitle "FM"]
[WhiteElo "2260"]
[BlackElo "2139"]
[WhiteFideId "1508148"]
[BlackFideId "1513427"]
[EventDate "2015.12.27"]

1. d4 f5 2. Nf3 Nf6 3. g3 e6 4. Bg2 d5 5. O-O Bd6 6. c4 c6 7. b3 Qe7 8. Bb2 b6
9. Qc1 Bb7 10. Ba3 Nbd7 11. Bxd6 Qxd6 12. Rd1 O-O 13. Nc3 Rac8 14. Qb2 f4 15.
Rac1 a6 16. gxf4 Qxf4 17. Qd2 Qd6 18. Qg5 c5 19. dxc5 Rxc5 20. cxd5 exd5 21. Nd4
Ne4 22. Nxe4 dxe4 23. Nf5 Rfxf5 24. Qxf5 Qxd1+ 25. Rxd1 Rxf5 26. Rxd7 Bc6 27.
Re7 Rg5 28. Kf1 Ra5 29. Bxe4 Bxe4 30. Rxe4 Rxa2 31. Re6 1/2-1/2

[Event "45th Rilton Cup 2015-16"]
[Site "Stockholm SWE"]
[Date "2016.01.01"]
[Round "5.41"]
[White "Darnell, Anton"]
[Black "Low, Zhen Yu Cyrus"]
[Result "0-1"]
[BlackTitle "FM"]
[WhiteElo "1979"]
[BlackElo "2256"]
[WhiteFideId "1720244"]
[BlackFideId "5804175"]
[EventDate "2015.12.27"]

1. c4 g6 2. g3 Bg7 3. Bg2 e5 4. Nc3 d6 5. Nf3 Nd7 6. O-O Ne7 7. d3 O-O 8. Bd2 h6
9. Qc1 Kh7 10. Ne1 f5 11. f4 exf4 12. gxf4 Nc6 13. Nf3 Nf6 14. Nd5 Be6 15. Nxf6+
Qxf6 16. Bc3 Qe7 17. e3 g5 18. Nd4 Bd7 19. Nb5 Rac8 20. Bxg7 Qxg7 21. Nc3 gxf4
22. Rxf4 Rg8 23. Qf1 Ne5 24. Rd1 Ng4 25. Re1 Rce8 26. e4 Qd4+ 27. Kh1 Ne3 28.
Qf2 Rxg2 29. Qxe3 Qg7 30. Rg1 Rg8 31. Rff1 f4 32. Qf2 f3 33. Nd5 Qg5 34. Ne3
Rxf2 35. Rxg5 Rxf1+ 0-1

[Event "45th Rilton Cup 2015-16"]
[Site "Stockholm SWE"]
[Date "2016.01.01"]
[Round "5.42"]
[White "Hammar, Bengt"]
[Black "Grove, Peter"]
[Result "1-0"]
[WhiteTitle "FM"]
[WhiteElo "2210"]
[BlackElo "2133"]
[WhiteFideId "1700391"]
[BlackFideId "1411101"]
[EventDate "2015.12.27"]

1. e4 e6 2. d4 d5 3. Nc3 dxe4 4. Nxe4 Nd7 5. Nf3 Ngf6 6. Nxf6+ Nxf6 7. Bd3 c5 8.
dxc5 Bxc5 9. O-O O-O 10. Qe2 h6 11. b3 b6 12. Bb2 Bb7 13. Rad1 Qe7 14. Ne5 Ba3
15. Ba1 Rac8 16. Kh1 Rfd8 17. f4 Rxd3 18. Rxd3 Be4 19. Rc3 Re8 20. Rg3 Qb7 21.
Rd1 Rc8 22. Nc4 Be7 23. Bxf6 Rxc4 24. Rxg7+ Kf8 25. Bxe7+ Kxg7 26. bxc4 1-0

[Event "45th Rilton Cup 2015-16"]
[Site "Stockholm SWE"]
[Date "2016.01.01"]
[Round "5.43"]
[White "Glimbrant, Torbjorn"]
[Black "Kassani, Sam"]
[Result "1-0"]
[WhiteElo "2192"]
[BlackElo "2126"]
[WhiteFideId "1700995"]
[BlackFideId "1709089"]
[EventDate "2015.12.27"]

1. d4 d5 2. c4 c6 3. Nf3 Nf6 4. e3 Bf5 5. Bd3 Bxd3 6. Qxd3 e6 7. O-O Nbd7 8. Nc3
Bd6 9. e4 dxe4 10. Nxe4 Nxe4 11. Qxe4 Nf6 12. Qc2 h6 13. b3 O-O 14. Bb2 Qe7 15.
Ne5 Ba3 16. Bc3 Bb4 17. Bxb4 Qxb4 18. Rfd1 Rad8 19. a3 Qe7 20. b4 Nd7 21. Nf3
Rfe8 22. Re1 Nf6 23. h3 Qd6 24. Qb3 Nh7 25. Rad1 Qf4 26. Qe3 Qxe3 27. fxe3 Ng5
28. e4 Nxf3+ 29. gxf3 Rd7 30. Kf2 Red8 31. Ke3 Kf8 32. a4 Ke7 33. Rd2 Kf8 34.
Red1 Ke7 35. b5 Ke8 36. bxc6 bxc6 37. Rb1 Ke7 38. a5 Ke8 39. f4 Ke7 40. a6 Ke8
41. c5 Ke7 42. Rb4 g5 43. e5 f6 44. Rb7 gxf4+ 45. Kxf4 f5 46. d5 exd5 47. Rxd7+
Kxd7 48. Rg2 Re8 49. h4 Re7 50. h5 Re8 51. Rg7+ Re7 52. Rg6 Rh7 53. Rf6 Ke7 54.
Kxf5 Kd7 55. Rd6+ 1-0

[Event "45th Rilton Cup 2015-16"]
[Site "Stockholm SWE"]
[Date "2016.01.01"]
[Round "5.44"]
[White "Adler, Bo"]
[Black "Rothen, Hakan"]
[Result "1-0"]
[BlackTitle "FM"]
[WhiteElo "2174"]
[BlackElo "2297"]
[WhiteFideId "1702149"]
[BlackFideId "1700723"]
[EventDate "2015.12.27"]

1. d4 Nf6 2. c4 e6 3. Nc3 Bb4 4. a3 Bxc3+ 5. bxc3 c5 6. e3 O-O 7. Bd3 d6 8. Ne2
b6 9. Ng3 Nc6 10. O-O Re8 11. e4 cxd4 12. cxd4 Nxd4 13. Bb2 e5 14. Bxd4 exd4 15.
Bc2 Qc7 16. Qxd4 Be6 17. Rac1 Qxc4 18. Qxd6 Red8 19. Qf4 Rac8 20. Bb1 Qa4 21.
Rxc8 Rxc8 22. Nf5 Bxf5 23. Qxf5 Rc5 24. e5 Qd7 25. Qf4 Qc7 26. Re1 Nd7 27. e6
fxe6 28. Qe4 Nf8 29. Ba2 Qc6 30. Qf4 Rc2 31. Bb1 Rc3 32. h3 Rxa3 33. Rd1 Rc3 34.
Rd8 Qc5 35. Rxf8+ Qxf8 36. Bxh7+ Kxh7 37. Qxf8 1-0

[Event "45th Rilton Cup 2015-16"]
[Site "Stockholm SWE"]
[Date "2016.01.01"]
[Round "5.45"]
[White "Ask, Josef"]
[Black "Brinck-Claussen, Bjorn"]
[Result "0-1"]
[BlackTitle "IM"]
[WhiteElo "2180"]
[BlackElo "2244"]
[WhiteFideId "1704583"]
[BlackFideId "1400134"]
[EventDate "2015.12.27"]

1. e4 e5 2. Nc3 Nf6 3. g3 d5 4. exd5 Nxd5 5. Bg2 Nxc3 6. bxc3 Nc6 7. Rb1 Bd6 8.
Ne2 O-O 9. O-O Qe8 10. d3 Rb8 11. f4 exf4 12. Nxf4 Ne5 13. d4 Ng4 14. Qd3 Nf6
15. Bd2 c6 16. Rbe1 Qd8 17. Nh3 h6 18. Nf4 Bd7 19. c4 Re8 20. Rxe8+ Bxe8 21. Bc3
Bd7 22. d5 Qb6+ 23. Kh1 Ng4 24. dxc6 Bxc6 25. Bxc6 Qxc6+ 26. Nd5 Ne5 27. Bxe5
Bxe5 28. Qf5 Bf6 29. Rf3 Rd8 30. Qg4 Kh8 31. Qh5 Qxc4 32. Nxf6 Rd1+ 33. Kg2
Qxc2+ 34. Kh3 gxf6 35. Rxf6 Qc8+ 36. Rf5 Qe6 37. Qxf7 Qxf7 38. Rxf7 Rd2 39. a4
Ra2 40. Rxb7 Rxa4 41. g4 Ra2 42. Kg3 a5 43. h4 a4 44. Kf4 Rh2 45. h5 Rc2 46. Kf5
Rc5+ 47. Kf6 Rc6+ 48. Kf7 Ra6 49. Rb2 a3 50. Ra2 Kh7 51. Kf8 Ra7 52. Ke8 Kg7 53.
Kd8 Kf6 54. Kc8 Ke5 55. Kb8 Ra4 56. Kc7 Kd5 57. g5 hxg5 58. h6 Ke6 59. h7 Ra7+
60. Kc6 Rxh7 61. Rxa3 g4 62. Ra8 Rg7 63. Re8+ Kf7 64. Re1 Rg5 65. Kd6 g3 66.
Rf1+ Kg6 67. Ke6 g2 68. Rg1 Kh5 0-1